000
00300nam a22001217a 4500
020
_a
99876940329
082
_a
330 MUT
100
_a
Mutasa, F . L.
_9
3746
245
_a
Principle of Economics
260
_c
2003
_a
Dar es salaam
_b
Tanzania institute of Bankers
650
_a
Economics
_9
895
942
_c
BK
999
_c
14083
_d
14083